| 000 | 00418nam a2200157Ia 4500 | ||
|---|---|---|---|
| 008 | 221030s9999 xx 000 0 und d | ||
| 041 | _aEnglish | ||
| 082 |
_a105.23 _bGod |
||
| 100 | _aA. P. Godse ( PR ) | ||
| 245 | 0 |
_aElectronic Devices & Circuits - I ( PR ) _cby A. P. Godse ( PR ), U. A. Bakshi |
|
| 260 |
_bTechnical Pub. _aPune _c2002 |
||
| 300 | _a788 | ||
| 650 | _aECE | ||
| 700 | _aU. A. Bakshi | ||
| 942 | _cBK | ||
| 999 |
_c8109 _d8109 |
||